Mis clientes compran sólo por precio (Registro nro. 28919)

Detalles MARC
000 -LEADER
fixed length control field 00404 a2200109 4500
001 - CONTROL NUMBER
control field ART_39152
005 - DATE AND TIME OF LATEST TRANSACTION
control field 20260410161935.0
008 - FIXED-LENGTH DATA ELEMENTS--GENERAL INFORMATION
fixed length control field 260409a
100 1# - MAIN ENTRY--PERSONAL NAME
Personal name Baños, Ariel
245 10 - TITLE STATEMENT
Title Mis clientes compran sólo por precio
773 0# - HOST ITEM ENTRY
Title Boletin del Consejo Profesional de Ciencias Económicas de la Provincia de Santa Fe (camara segunda)
Related parts - Año XXVI, Nº 318 (feb. 2015)
Record control number REV25058

No hay ítems disponibles.